Statistics for Malory Towers Trivia

Click here to take the quiz!

General Stats

  • This quiz has been taken 178 times
  • The average score is 11 of 15

Answer Stats

HintAnswer% Correct
Who is Darrell's younger sister?Felicity
99%
What tower does Darrell stay in?North Tower
95%
Who is Darrell best friend?Sally Hope
95%
Out of Connie and Ruth, who is the boss?Connie
85%
Who wrote the Malory towers series?Enid Blyton/Pamela Cox
85%
Who is the first form teacher?Miss Potts
83%
How many brothers does Bill have?Seven
83%
What is Bill's horse called?Thunder
74%
Who pretended they had a weak heart?Gwendoline Lacey
73%
Who was Felicity's best friend?Susan Blake
61%
In the second form, who was the thief that stole money?Daphne
59%
Who was the new girl that wore loads of make up?Zerelda Brass
56%
Who played the teeth trick?Mam'zelle Dupont
47%
Who is the second form teacher?Miss Parker
44%
Who was the girl that kept following Felicity?Bonnie Meadows
42%

Score Distribution

Percentile by Number Answered

Percent of People with Each Score

Your Score History

You have not taken this quiz